[Event "Stay Safe Play From Home 259"]
[Site "Emanuel Lasker Arena"]
[Date "2020.06.28"]
[Round "8"]
[White "Broken sword"]
[Black "Mepe_Nika"]
[Result "0-1"]
[WhiteElo "2479"]
[BlackElo "2371"]
[Annotator "TA"]
[PlyCount "152"]
[EventDate "2020.06.28"]
[EventType "swiss (blitz)"]

{[%evp 9,152,-1,0,0,1,-10,-17,-35,-28,-33,-43,-38,-33,-34,-35,-32,-39,-35,-33,-152,-160,-160,-143,-156,-145,-159,-158,-175,-100,-97,-105,-97,-102,-128,-122,-178,-168,-227,-119,-219,-218,-216,-222,-280,-184,-185,-179,-188,-153,-161,-139,-162,-149,-158,-114,-121,-114,-183,-183,-183,-202,-183,-151,-136,-129,-127,-120,-149,-84,-245,-245,-253,-246,-246,-70,-70,-70,-70,-70,-81,-80,-252,0,-54,0,-187,-21,-21,0,0,0,-585,-15,-157,0,0,0,0,0,0,0,0,0,0,0,0,0,0,0,0,0,-8,0,0,0,-74,0,-29968,-29968,-29972,-29969,-29971,-29972,-29974,-29975,-29976,-29976,-29978,-29978,-29978,-29979,-29980,-29981,-29981,-29982,-29982,-29981,-29981,-29982,-29984,-29981,-29979,0,-29983,0]} 1. d4 c5 2. Nf3 cxd4 3. Nxd4 Nf6 4. Nf3 g6 5. c4 Bg7 6. Nc3 {A43: Schmid Benoni.} O-O 7. e3 b6 8. Be2 {The position is equal.} Bb7 9. O-O d5 {[#]} 10. cxd5 $146 ({Predecessor:} 10. Nd2) 10... Nxd5 11. Nxd5 Qxd5 12. Qxd5 Bxd5 13. Rd1 e6 14. Rb1 (14. Nd2 $15) 14... Bxa2 $17 15. Ra1 Bb3 16. Rd2 Bd5 17. Nd4 Nc6 18. Nb5 Nb4 (18... Na5 $19 {Threatens to win with ...Nb3.} 19. Bd1 Rfc8) 19. Nc7 Rac8 20. Nxd5 Nxd5 21. Bf3 a5 22. Bxd5 (22. e4 $17 {was necessary.} Nb4 23. Rd6) 22... exd5 $19 23. Rxd5 (23. Rb1 $142) 23... Rc6 (23... Rc2 $19 24. Rb1 Rfc8) 24. g3 (24. Rb1 $17) 24... Rfc8 25. Bd2 Bxb2 26. Rb1 Bf6 27. Rdb5 Bd8 $1 28. e4 Rc5 29. R5b2 Rc4 30. Be3 Rxe4 31. Bxb6 Bxb6 32. Rxb6 {[%mdl 4096] Endgame KRR-KRR} Ra8 33. Rb8+ (33. R1b3 $17) 33... Rxb8 34. Rxb8+ {KR-KR} Kg7 35. Ra8 a4 {[%cal Ba5a4,Ba4a3][%mdl 32]} 36. Kg2 h5 37. Kf3 Rb4 38. h3 Rb3+ (38... g5 $142 39. Ke2 h4 40. gxh4 Rxh4) 39. Kg2 $2 (39. Kf4 $17) 39... a3 40. Ra6 f6 41. Ra7+ Kh6 $2 (41... Kg8 $19 42. h4 Kf8) 42. Ra6 $1 $15 Kg5 {And now ...Kf5 would win.} 43. Ra5+ f5 44. Ra6 $1 Kh6 45. Ra7 $2 (45. h4 $17 {might work better.}) 45... Kg5 $2 (45... g5 $1 $19 46. h4 gxh4 47. Ra6+ Kg7 48. gxh4 Kf7) 46. Ra6 Kh6 (46... f4 $15 47. h4+ Kf5 48. gxf4 Rc3) 47. Ra7 $1 $19 h4 $2 ({Better is} 47... g5 $1 $19 {White must now prevent ...g4.} 48. h4 gxh4 49. gxh4 Kg6 50. Ra6+ Kf7) 48. gxh4 $11 f4 49. Ra6 Kh5 50. Kh2 $2 {[%mdl 8192]} (50. Ra4 $11 {and White stays safe.}) 50... Rb2 $2 (50... Kxh4 $19 {...Kh5 is the strong threat.} 51. Rxg6 Rxh3+ 52. Kg2 Rc3) 51. Kg2 (51. Rxa3 $11 {was the only way to keep the balance.} Rxf2+ 52. Kg1) 51... Rb3 $2 ({And not} 51... Kxh4 52. Rxa3 Kg5 53. Kf3 $11) (51... a2 $17 52. Kf3 Kxh4) 52. Ra4 Kxh4 {aiming for ...g5.} 53. Rxf4+ Kh5 54. Ra4 g5 55. Ra5 Kh6 56. Ra8 Kh5 57. Ra7 Kg6 58. Ra6+ Kf5 59. Ra5+ Kf4 60. Ra6 Kf5 61. Ra5+ Ke4 62. Ra8 {[#]} (62. Rxg5 $11 Kd4 63. Ra5) 62... Kd3 (62... Rc3 $1 $17 63. Ra4+ Kd3) 63. Rg8 $2 {[%mdl 8192]} (63. Kf3 $11) 63... Kc2 64. Rxg5 Kb2 65. Ra5 a2 66. Rxa2+ Kxa2 {KR-KPP} 67. h4 Ka3 68. h5 Ka4 69. f3 Rb5 70. Kg3 Rxh5 {KR-KP} 71. Kg4 Rh8 72. f4 Rg8+ 73. Kf5 Rf8+ 74. Ke6 Kb5 75. f5 Re8+ $2 (75... Kc6 76. Ke5 Kd7 77. Kf4 Rh8 78. Kf3 Ke7 79. Ke4 Rd8 80. Ke5 Rd1 81. f6+ Kf7 82. Kf4 Kxf6 83. Ke3 Kf5 84. Ke2 Rd6 85. Ke3 Rd8 86. Kf3 Re8 87. Kg3 Re3+ 88. Kg2 Kg4 89. Kf2 Re8 90. Kg2 Rf8 91. Kh1 Kg3 92. Kg1 Rf5 93. Kh1 Rf1#) 76. Kf7 $2 {[%mdl 8192]} (76. Kd7 $11 Rf8 77. Ke6 Kc6 78. f6 Re8+ 79. Kf5 Kd5 80. f7 Rf8 81. Kf6 Kd6 82. Kf5 Kd5 83. Kf6 Kd6 84. Kf5 Rxf7+ 85. Ke4 Re7+ 86. Kf3 Re5 87. Kg3 Re4 88. Kh3 Ke5 89. Kg3 Rf4 90. Kg2 Kf5 91. Kg3 Kg5 92. Kh3 Rg4 93. Kh2 Kh4 94. Kh1 Kg3 95. Kg1 Rf4 96. Kh1 Rf1#) 76... Rb8 $2 {[%mdl 32768] Accuracy: White = 68%, Black = 66%. . Loss on time!?} (76... Re2 {mates} 77. Kg7 Kc6 78. f6 Rg2+ 79. Kf8 Kd7 80. f7 {[#]} Rf2 $1 {[%mdl 512]} 81. Kg7 Ke7 82. Kg6 Kf8 83. Kg5 Kxf7 84. Kh4 Rg2 85. Kh5 Kf6 86. Kh4 Rg5 87. Kh3 Kf5 88. Kh4 Kf4 89. Kh3 Kf3 90. Kh2 Rf5 91. Kg1 Kg3 92. Kh1 Rf1#) 0-1

[Event "Stay Safe Play From Home 259"]
[Site "Emanuel Lasker Arena"]
[Date "2020.06.28"]
[Round "8"]
[White "Lazieri3"]
[Black "Jhhonnyy"]
[Result "0-1"]
[WhiteElo "2094"]
[BlackElo "2394"]
[Annotator "TA"]
[PlyCount "54"]
[EventDate "2020.06.28"]
[EventType "swiss (blitz)"]

{[%evp 9,53,-16,-16,-28,38,-11,2,-16,119,-22,15,-30,44,-33,8,-49,38,17,18,37,29,26,80,91,222,223,195,108,98,70,89,88,100,91,217,93,208,143,159,0,0,-232,-174,-29999,-1461,-29999]} 1. e4 c5 2. d3 Nc6 3. Nc3 g6 4. Nf3 Bg7 5. Be3 d6 6. Qd2 {B30: Sicilian: 2...Nc6 3 Bb5, lines without ...g6.} Rb8 (6... e5 $11) 7. Be2 b5 8. a3 {The position is equal.} e6 {[#]} (8... Nf6 $11) 9. Nd1 $146 (9. d4 $16) ({Predecessor:} 9. Na2 Bxb2 10. Rb1 Bg7 11. O-O Nge7 12. h3 O-O 13. Nh4 a5 14. f4 f5 15. Rfd1 {0-1 (37) Ngai,S (1167)-Shi,W (1607) Hong Kong 2018}) 9... h6 10. h3 Nge7 (10... e5 $11) 11. O-O (11. d4 $1 $14) 11... a5 12. c3 (12. d4 $11) 12... b4 (12... a4 $15) 13. axb4 $14 axb4 14. d4 bxc3 15. bxc3 Bd7 (15... d5 $11 {keeps the balance.}) 16. dxc5 $16 dxc5 (16... d5 $16) 17. Bxc5 $18 O-O 18. Be3 ({White should play} 18. Ne3 $18) 18... Kh7 $16 19. Nd4 Ne5 20. f4 N5c6 21. Nf2 Qc7 (21... Nxd4 $16 22. Bxd4 (22. cxd4 Bc6 $16) 22... Bc6) 22. Ng4 (22. Nb5 $18 {has better winning chances.} Qb7 23. Rfd1) 22... Nxd4 (22... f5 $16) 23. cxd4 Bc6 24. f5 $2 ({Better is} 24. Rac1 $16) 24... exf5 $11 25. Nxh6 $2 (25. exf5 $11 {and White has nothing to worry.} Nxf5 26. Rxf5 gxf5 27. Bxh6 fxg4 28. Bxg7 Kxg7 29. Qg5+ {[%mdl 64] Double Attack} Kh8 30. Qh5+ Kg7 31. Qxg4+ Kf6 32. Qh4+ Kg7 33. Qg5+ Kh8 34. Qh6+ Kg8 35. Bd3) 25... Bxe4 $19 {And now ...Nd5 would win.} 26. g4 $2 {[#]} (26. Bf4 $19 Qd8 27. Bxb8 Qxb8 28. Nxf7 Rxf7 29. Bf3 Bxf3 30. Rxf3) 26... Nd5 (26... Qg3# $142) 27. gxf5 Qg3# {Accuracy: White = 18%, Black = 36%.} 0-1

[Event "Stay Safe Play From Home 259"]
[Site "Emanuel Lasker Arena"]
[Date "2020.06.28"]
[Round "8"]
[White "Trotsky"]
[Black "Bardellosport"]
[Result "0-1"]
[WhiteElo "1587"]
[BlackElo "2054"]
[Annotator "TA"]
[PlyCount "78"]
[EventDate "2020.06.28"]
[EventType "swiss (blitz)"]

{[%evp 9,78,0,0,-21,-18,-34,2,-23,46,-18,-29,-69,-80,-444,-430,-429,-429,-510,-422,-614,-530,-721,-760,-760,-760,-725,-552,-557,-520,-542,-530,-558,-420,-416,-315,-323,-311,-306,-175,-221,-72,-208,-59,-226,-231,-592,-589,-1070,-1060,-1267,-803,-1879,-1101,-1041,-995,-1892,-1138,-1127,-1014,-29978,-29979,-29994,-29995,-29995,-29996,-29996,-29997,-29997,-29997,-29997,-29986]} 1. d4 d6 2. e3 f5 3. c4 Nf6 4. Nc3 g6 5. Bd3 Bg7 6. Qc2 {A85: Dutch Defence: 2 c4 Nf6 3 Nc3.} O-O 7. Nf3 Qe8 (7... e5 $5 8. dxe5 dxe5 9. Nxe5 Na6 $11) 8. Bd2 {The position is equal.} Nc6 (8... e5 $11 9. Be2 Bd7) 9. a3 (9. Nd5 $14 Qd8 10. Nxf6+ Bxf6 11. d5) 9... e5 $11 10. d5 {[#]} e4 $146 {[%mdl 2048] Keeping White busy.} ({Predecessor:} 10... Nd8 11. e4 a6 12. O-O-O Bd7 13. Bg5 f4 14. g3 h6 15. Bxf6 Rxf6 16. gxf4 Rxf4 {0-1 (54) Doknjas,J-Gairdner,D Langley 2007}) 11. Ng5 $2 {[%mdl 8192] [#]} (11. dxc6 $17 {was the crucial defense.} exf3 12. gxf3) 11... exd3 12. Qxd3 Ne5 13. Qc2 Nfg4 14. h4 (14. h3 $142 Nf6 15. Nb5 Nxd5 16. O-O) 14... h6 15. f3 hxg5 16. fxg4 fxg4 17. hxg5 Qf7 18. O-O-O Bf5 19. e4 Bd7 20. Ne2 Qe7 {Threatens to win with ...Rf2.} 21. Nf4 Rxf4 22. Bxf4 Rf8 23. Be3 Kf7 (23... g3 $142 {And now ...Ng4 would win.} 24. Rdf1 Rxf1+ 25. Rxf1 b5 26. cxb5 Bxb5) 24. Bd4 Ke8 (24... Qxg5+ $19 25. Kb1 b6 26. Rdf1+ Kg8 27. Rxf8+ Bxf8) 25. Rhe1 (25. c5 $17) 25... Kd8 ({Better is} 25... Qxg5+ $19 26. Kb1 b6) 26. Qb3 $2 (26. c5 $1 $15) 26... b6 $19 27. c5 $2 (27. Kb1 {is tougher.}) 27... dxc5 28. Qc3 cxd4 29. Qxd4 Qc5+ 30. Qc3 Qxc3+ 31. bxc3 Nc4 32. Kb1 Nxa3+ 33. Ka2 Nc4 {( -> ...Rf2+)} 34. Rb1 Rf2+ {[%mdl 64] [#] Double Attack. Black mates.} 35. Rb2 Rxb2+ 36. Ka1 Bxc3 37. Rb1 Rc2+ 38. Rb2 Bxb2+ 39. Kb1 Bd4 {Accuracy: White = 17%, Black = 34%.} 0-1

[Event "Stay Safe Play From Home 259"]
[Site "Emanuel Lasker Arena"]
[Date "2020.06.28"]
[Round "8"]
[White "Klasman"]
[Black "Mamba2001de"]
[Result "0-1"]
[WhiteElo "1240"]
[BlackElo "1485"]
[Annotator "NA"]
[PlyCount "58"]
[EventDate "2020.06.28"]
[EventType "swiss (blitz)"]

1. f4 {[%emt 0:00:01]} e6 {[%emt 0:00:01]} 2. e4 {[%emt 0:00:02]} d5 {[%emt 0:00:01]} 3. e5 {[%emt 0:00:01]} c5 {[%emt 0:00:01]} 4. Nf3 {[%emt 0:00:02]} Nc6 {[%emt 0:00:00]} 5. Bb5 {[%emt 0:00:01]} Nge7 {[%emt 0:00:00]} 6. c3 {[%emt 0:00:05]} Bd7 {[%emt 0:00:01]} 7. Bxc6 {[%emt 0:00:03]} Bxc6 {[%emt 0:00:02]} 8. d4 {[%emt 0:00:01]} cxd4 {[%emt 0:00:01]} 9. Nxd4 {[%emt 0:00:02]} g6 {[%emt 0:00:01]} 10. O-O {[%emt 0:00:01]} Bg7 {[%emt 0:00:01]} 11. Be3 {[%emt 0:00:01]} O-O {[%emt 0:00:01]} 12. Nd2 {[%emt 0:00:01]} Nf5 {[%emt 0:00:01]} 13. Qe2 {[%emt 0:00:02]} Nxe3 {[%emt 0:00:01]} 14. Qxe3 {[%emt 0:00:01]} a6 {[%emt 0:00:01]} 15. N2f3 {[%emt 0:00:01]} Rc8 {[%emt 0:00:01]} 16. g4 {[%emt 0:00:01]} Qb6 {[%emt 0:00:02]} 17. Rf2 {[%emt 0:00:02]} Qd8 {[%emt 0:00:02]} 18. h4 {[%emt 0:00:02]} Bb5 {[%emt 0:00:03]} 19. f5 {[%emt 0:00:03]} exf5 {[%emt 0:00:03]} 20. gxf5 {[%emt 0:00:03]} Rc4 {[%emt 0:00:05]} 21. f6 {[%emt 0:00:02]} Bh8 {[%emt 0:00:02]} 22. h5 {[%emt 0:00:03]} Qb6 {[%emt 0:00:06]} 23. Qg5 {[%emt 0:00:02]} Rxd4 {[%emt 0:00:02]} 24. cxd4 {[%emt 0:00:02]} Bd7 {[%emt 0:00:03]} 25. hxg6 {[%emt 0:00:03]} fxg6 {[%emt 0:00:02]} 26. Raf1 {[%emt 0:00:05]} Qxd4 {[%emt 0:00:01]} 27. Nxd4 {[%emt 0:00:02]} Bf5 {[%emt 0:00:01]} 28. Nxf5 {[%emt 0:00:02]} Kf7 {[%emt 0:00:01]} 29. Nd6+ {[%emt 0:00:01]} Ke6 {[%emt 0:00:01] Time (Lag: Av=0.47s, max=4.0s)} 0-1

[Event "Stay Safe Play From Home 259"]
[Site "Emanuel Lasker Arena"]
[Date "2020.06.28"]
[Round "9"]
[White "Jhhonnyy"]
[Black "Trotsky"]
[Result "1-0"]
[WhiteElo "2399"]
[BlackElo "1584"]
[Annotator "TA"]
[PlyCount "79"]
[EventDate "2020.06.28"]
[EventType "swiss (blitz)"]

{[%evp 9,79,37,31,31,34,32,120,104,220,-19,106,32,300,301,293,303,465,390,366,393,435,429,504,435,455,447,480,457,592,553,1199,1162,1578,1080,2066,1825,29980,5427,29980,2121,1791,1483,1074,1027,1044,1023,1204,1181,1555,1510,6320,2194,29986,29987,29987,29988,29988,29989,29989,29990,29990,29991,29991,29992,29993,29994,29994,29995,29996,29997,29997,29998]} 1. d4 d5 2. c4 e6 3. Nf3 c5 4. cxd5 exd5 5. g3 Be6 6. Bg2 {D30: Queen's Gambit Declined: Systems without Nc3.} Nc6 7. O-O c4 ({Black should try} 7... Nf6 $14) 8. Nc3 {White is better.} Bd6 {[#]} (8... Nf6 $16 {was called for.}) 9. Bf4 $146 {[#]} (9. e4 $18 dxe4 10. Ng5 (10. Nxe4 Nge7 $16)) ({Predecessor:} 9. Ng5 Be7 10. Nxe6 fxe6 11. e4 dxe4 12. Bxe4 Nf6 13. Bxc6+ bxc6 14. Qa4 Qxd4 15. Qxc6+ {1-0 (42) Uphoff,L (2014)-Blodig,M (1806) Windischeschenbach 2017}) 9... a6 (9... Bxf4 $11 {remains equal.} 10. gxf4 Nge7) 10. Ne5 (10. Bxd6 $16 Qxd6 11. e4) 10... Qc7 $2 {[%mdl 8192] Now Black is done in.} (10... Bxe5 $14 11. Bxe5 (11. dxe5 Nge7 $11) 11... Nxe5 12. dxe5 Ne7) 11. Nxd5 $18 Bxd5 12. Bxd5 O-O-O (12... Nf6 $142) 13. Nxc6 bxc6 14. Bxd6 ({Resist} 14. Bxc4 Bxf4 15. Bxa6+ Kd7 $18) 14... Qxd6 15. Bxc4 Nf6 16. Bxa6+ Kc7 17. e3 ({But not} 17. Qb3 Rb8 $18) 17... h5 18. Be2 Ng4 19. Rc1 h4 20. Bxg4 hxg3 21. hxg3 Rh7 22. Bf3 c5 23. Rxc5+ (23. Qa4 $142 Rd7 24. Qa5+ {[%mdl 64] Double Attack} Kc8 25. Qa8+ Kc7 26. Rxc5+ Qxc5 27. dxc5 Rh6 28. c6) 23... Kd7 24. Qa4+ (24. Re5 $142 Qxe5 25. dxe5+ Ke7 26. Qc2 Rh6 27. Qc5+ Ke6 28. Rc1 Rg6 29. Bh5) 24... Ke7 25. Re5+ Kf8 26. Qa3 Qxa3 27. bxa3 f6 28. Rb5 Kf7 29. a4 Kg6 30. a5 Rdh8 31. Be4+ {White mates.} f5 32. Bxf5+ Kf6 33. Bxh7 Rxh7 34. a6 Rh8 35. Ra5 Ra8 36. a7 g5 37. Rb1 g4 38. Rb8 Rxb8 39. axb8=Q Ke6 40. Qb6+ {Accuracy: White = 55%, Black = 10%.} 1-0

[Event "Stay Safe Play From Home 259"]
[Site "Emanuel Lasker Arena"]
[Date "2020.06.28"]
[Round "9"]
[White "Lazieri3"]
[Black "Klasman"]
[Result "1-0"]
[WhiteElo "2089"]
[BlackElo "1233"]
[Annotator "TA"]
[PlyCount "45"]
[EventDate "2020.06.28"]
[EventType "swiss (blitz)"]

{[%evp 9,45,1,30,17,27,16,27,29,104,8,74,79,81,84,113,101,109,62,68,38,82,79,113,49,30,43,43,20,68,62,91,77,128,133,133,66,70,76]} 1. e4 f5 2. Nc3 fxe4 3. Nxe4 d5 4. Nc3 Nf6 5. d4 Bf5 6. Nf3 {A00: Irregular Openings.} e6 7. Bd3 {[#]} Bg4 $146 ({Predecessor:} 7... Bb4 8. O-O Bxc3 9. bxc3 O-O 10. Re1 Bg4 11. Qe2 Bxf3 12. Qxe6+ Kh8 13. gxf3 Re8 14. Bg5 Rxe6 15. Rxe6 {1-0 (52) Vasilev,P (1715)-Lampreia,J (1176) Dos Hermanas 2004}) 8. h3 {White has an edge.} Bh5 (8... Bxf3 $1 $11 {remains equal.} 9. Qxf3 Nc6) 9. Be2 ({White should play} 9. g4 $16 Bf7 10. Ne5) 9... Bg6 (9... Nc6 $11) 10. Ne5 $16 Bd6 11. Nxg6 hxg6 12. Bd3 Kf7 13. Bg5 Nc6 14. Ne2 Rh5 15. h4 Qh8 {[#] White must now prevent ...Rxg5!} 16. Rg1 (16. Qd2 $16) 16... Rxh4 $14 17. Bxh4 Qxh4 18. c3 Rh8 19. Qc2 Rh6 20. O-O-O Ne7 (20... Qxf2 $142 21. Qb3 Nd8) 21. g3 $16 Qg5+ 22. Nf4 (22. Kb1 $16) 22... Bxf4+ $14 23. gxf4 {Accuracy: White = 58%, Black = 51%.} 1-0

[Event "Stay Safe Play From Home 259"]
[Site "Emanuel Lasker Arena"]
[Date "2020.06.28"]
[Round "9"]
[White "Bardellosport"]
[Black "Broken sword"]
[Result "0-1"]
[WhiteElo "2056"]
[BlackElo "2457"]
[Annotator "TA"]
[PlyCount "48"]
[EventDate "2020.06.28"]
[EventType "swiss (blitz)"]

{[%evp 9,48,2,0,-1,12,11,17,-25,-23,-22,-10,-147,-133,-232,-235,-220,-216,-234,-163,-215,-212,-220,-212,-231,-189,-235,-215,-416,-239,-252,-219,-448,-440,-447,-456,-500,-481,-496,-501,-2378,-2378]} 1. d4 d5 2. e3 c5 3. Nf3 Nc6 4. b3 Nf6 5. Bb2 Bg4 6. Be2 {D04: Colle System.} Bxf3 7. Bxf3 e6 {[#]} 8. Qe2 $146 {The position is equal.} ({Predecessor:} 8. O-O cxd4 9. exd4 Bd6 10. Re1 O-O 11. Nd2 Rc8 12. a3 b5 13. Be2 Qb6 14. Nf3 {0-1 (28) Ruslin,A (965)-Schubert,V (800) LSS email 2008}) 8... cxd4 9. exd4 Bb4+ 10. c3 (10. Nd2 $11) 10... Nxd4 $1 $17 11. Qd2 (11. Qd1 $17 Nxf3+ 12. Qxf3) 11... Nxf3+ $19 12. gxf3 Bd6 13. Na3 a6 14. Nc2 (14. O-O-O {was called for.}) 14... O-O 15. Rg1 g6 16. O-O-O Rc8 17. Qh6 Qe7 18. f4 $2 (18. Qh4) 18... Rfe8 (18... Qc7 $142 19. Kb1 Bxf4 {[%mdl 64] Double Attack}) 19. Kb1 Qf8 20. Qg5 $2 (20. Qxf8+ {is a better defense.} Bxf8 21. f3) 20... Ne4 $1 {[%csl LRc3,LRf2,LRg5][%mdl 64] [#] Double Attack. Black is clearly winning.} 21. Qh4 Be7 22. Qh3 Bf6 23. Nd4 Nxf2 {[%mdl 64] Double Attack} 24. Qh6 (24. Qg3 $142 Nxd1 25. Rxd1) 24... Qxh6 {White got outplayed after the opening. Accuracy: White = 31%, Black = 64%.} 0-1

[Event "Stay Safe Play From Home 259"]
[Site "Emanuel Lasker Arena"]
[Date "2020.06.28"]
[Round "9"]
[White "Mamba2001de"]
[Black "Mepe_Nika"]
[Result "0-1"]
[WhiteElo "1492"]
[BlackElo "2393"]
[Annotator "NA"]
[PlyCount "74"]
[EventDate "2020.06.28"]
[EventType "swiss (blitz)"]

1. e4 {[%emt 0:00:01]} e5 {[%emt 0:00:02]} 2. Nf3 {[%emt 0:00:01]} Nc6 {[%emt 0:00:00]} 3. c3 {[%emt 0:00:01]} Nf6 {[%emt 0:00:01]} 4. d4 {[%emt 0:00:01]} exd4 {[%emt 0:00:02]} 5. e5 {[%emt 0:00:01]} Nd5 {[%emt 0:00:01]} 6. cxd4 {[%emt 0:00:01]} Bb4+ {[%emt 0:00:01]} 7. Nc3 {[%emt 0:00:01]} Nxc3 {[%emt 0:00:02]} 8. bxc3 {[%emt 0:00:02]} Bxc3+ {[%emt 0:00:00]} 9. Bd2 {[%emt 0:00:01]} Bxa1 {[%emt 0:00:01]} 10. Qxa1 {[%emt 0:00:01]} d5 {[%emt 0:00:02]} 11. Bd3 {[%emt 0:00:02]} O-O {[%emt 0:00:01]} 12. O-O {[%emt 0:00:01]} f5 {[%emt 0:00:01]} 13. h3 {[%emt 0:00:01]} h6 {[%emt 0:00:01]} 14. Qb1 {[%emt 0:00:02]} Qe7 {[%emt 0:00:01]} 15. Re1 {[%emt 0:00:02]} Nd8 {[%emt 0:00:01]} 16. g3 {[%emt 0:00:03]} c6 {[%emt 0:00:01]} 17. Nh4 {[%emt 0:00:01]} Qf7 {[%emt 0:00:04]} 18. e6 {[%emt 0:00:05]} Bxe6 {[%emt 0:00:02]} 19. Rxe6 {[%emt 0:00:02]} Nxe6 {[%emt 0:00:01]} 20. Nxf5 {[%emt 0:00:01]} Nxd4 {[%emt 0:00:03]} 21. Qb2 {[%emt 0:00:06]} Nxf5 {[%emt 0:00:02]} 22. Bf4 {[%emt 0:00:04]} b6 {[%emt 0:00:04]} 23. Kg2 {[%emt 0:00:02]} c5 {[%emt 0:00:01]} 24. Qd2 {[%emt 0:00:03]} c4 {[%emt 0:00:02]} 25. Bc2 {[%emt 0:00:02]} d4 {[%emt 0:00:03]} 26. Be5 {[%emt 0:00:01]} Rad8 {[%emt 0:00:02]} 27. Bd1 {[%emt 0:00:01]} Qd5+ {[%emt 0:00:01]} 28. Kg1 {[%emt 0:00:01]} Qxe5 {[%emt 0:00:00]} 29. Qf4 {[%emt 0:00:02]} Qxf4 {[%emt 0:00:01]} 30. gxf4 {[%emt 0:00:01]} d3 {[%emt 0:00:00]} 31. Kf1 {[%emt 0:00:02]} c3 {[%emt 0:00:01]} 32. f3 {[%emt 0:00:01]} c2 {[%emt 0:00:01]} 33. Bxc2 {[%emt 0:00:01]} dxc2 {[%emt 0:00:00]} 34. Kf2 {[%emt 0:00:00]} c1=Q {[%emt 0:00:01]} 35. Kg2 {[%emt 0:00:02]} Qe3 {[%emt 0:00:00]} 36. Kh2 {[%emt 0:00:01]} Rd2+ {[%emt 0:00:00]} 37. Kh1 {[%emt 0:00:02]} Qe1# {[%emt 0:00:00] (Lag: Av=0.39s, max=0.8s)} 0-1